| 000 | 00619nam a22001817a 4500 | ||
|---|---|---|---|
| 999 |
_c191829 _d191829 |
||
| 005 | 20220905150013.0 | ||
| 010 | _aENG-134918 | ||
| 020 |
_a9789385133039 _c650.00 |
||
| 035 | _aEN-118450 | ||
| 037 | _bDBAD/PUB | ||
| 082 | _a306.0954 | ||
| 100 | _aMonga, Gurmeet Kaur | ||
| 245 |
_aFlora and Fauna in Ancient Indian Culture/ _cGurmeet Kaur Monga |
||
| 260 |
_aMumbai _bKetaki Prakashan Pvt _c2016 |
||
| 270 |
_aAjay Deep House 22-Second Floor, 240-Perin Nariman (Bazar Gate) Street Fort _bMumbai _e400001 _minfo@ketakjprakashan.com |
||
| 300 |
_a224p. _c29cm(hb) |
||
| 942 |
_2ddc _cEN _h306.0954 _mMON |
||